| 000 | 00663cam a22002291 4500 | ||
|---|---|---|---|
| 001 | sa 68001114 | ||
| 003 | DLC | ||
| 005 | 20260227112430.0 | ||
| 008 | 710903s1966 ii s 00000 eng | ||
| 010 | _asa 68001114 | ||
| 025 | _aPL480:I-E-8604 | ||
| 043 | _aa-ii--- | ||
| 050 | 0 |
_aHD5820.K4 _bA5 |
|
| 082 | _a331.1/12/095483 | ||
| 110 | 1 | 0 |
_aKerala, India (State). _bBureau of Economics and Statistics. _bEmployment Division. |
| 245 | 1 | 0 | _aFactbook on manpower. |
| 260 | 1 |
_aTrivandrum _c[1966] |
|
| 300 |
_aiv, 116 p. _c29 cm. |
||
| 500 | _a"Prepared by P. Gopinathan." | ||
| 650 | 0 |
_aLabor supply _zIndia _zKerala _xStatistics. |
|
| 700 | 1 | 0 | _aGopinathan, P. |
| 999 |
_c77711 _d77711 |
||